FIFA World Cup Winning Managers - Statistics

General Stats
  • This quiz has been taken 96 times
    62 since last reset
  • The average score is 9 of 22
Answer Stats
Year Winning Country Manager % Correct
2018 France Didier Deschamps
97%
2014 Germany Joachim Löw
86%
2010 Spain Vicente del Bosque
80%
1990 West Germany Franz Beckenbauer
69%
2022 Argentina Lionel Scaloni
68%
2002 Brazil Luiz Felipe Scolari
64%
2006 Italy Marcello Lippi
63%
1970 Brazil Mário Zagallo
44%
1998 France Aimé Jacquet
34%
1966 England Alf Ramsey
34%
1986 Argentina Carlos Bilardo
25%
1978 Argentina César Luis Menotti
24%
1954 West Germany Sepp Herberger
24%
1982 Italy Enzo Bearzot
22%
1934 Italy Vittorio Pozzo
22%
1938 Italy Vittorio Pozzo
22%
1994 Brazil Carlos Alberto Parreira
20%
1974 West Germany Helmut Schön
20%
1962 Brazil Aymoré Moreira
14%
1958 Brazil Vicente Feola
14%
1930 Uruguay Alberto Suppici
7%
1950 Uruguay Juan López Fontana
7%
No matching quizzes found
Score Distribution
Percent of People with Each Score
Percentile by Number Answered
Your Score History
You have not taken this quiz since the last reset